Red and white flags part 2 - Statistics

General Stats
  • This quiz has been taken 20 times
    11 since last reset
  • The average score is 8 of 11
Answer Stats
Picture Answer % Correct
England
100%
Gibraltar
100%
Hong Kong
100%
Isle of Man
100%
Greenland
83%
Jersey
83%
Northern Cyprus
83%
Northern Ireland
83%
Guernsey
50%
Easter Island
33%
French Polynesia
17%
No matching quizzes found
Score Distribution
Percent of People with Each Score
Percentile by Number Answered
Your Score History
You have not taken this quiz since the last reset